| 000 | 01014nam a22003137a 4500 | ||
|---|---|---|---|
| 003 | CHAP | ||
| 005 | 20220329134317.0 | ||
| 008 | 971013s1972 r 00010 d | ||
| 010 | _a18539 | ||
| 011 | _a19511 | ||
| 035 | _a23596 | ||
| 040 | _cCHAP | ||
| 082 |
_a631.16 _bD4 |
||
| 110 |
_aDesarrollo Agropecuario Ejidal de Sinaloa _931965 |
||
| 245 | _aManual de contabilidad | ||
| 260 |
_aCuliacán, Sin. : _b(s.e.), _c1972 |
||
| 300 |
_aPág. varía _b: ilus. |
||
| 490 |
_aManuales técnicos _v; 2 |
||
| 590 |
_aBATCH-UPD _b10 _c20130110 _lUCH01 _h2017 |
||
| 590 |
_aBATCH-UPD _b10 _c20130410 _lUCH01 _h1336 |
||
| 590 |
_aBATCH-UPD _b10 _c20130914 _lUCH01 _h1744 |
||
| 590 |
_aCONVERSION _b10 _c20130109 _lUCH01 _h1311 |
||
| 650 | 1 | 4 |
_aAgricultura _xContabilidad. _91378 |
| 830 | 0 |
_aManuales técnicos _v; 2 _970697 |
|
| 901 | _aBK | ||
| 942 | _cLIBRO | ||
| 949 |
_a631.16 D4 _bBC _cLIBRO _d33724000055448 _eLIBRO _h52527 _i23596 _mD _si |
||
| 949 |
_a631.16 D4 _bBC _cLIBRO _d33724000793063 _eLIBRO _fc.2 _h52528 _i23596 _mD _sb |
||
| 999 |
_c18539 _d18539 |
||